[Event "Ruhrgebiet Verbandsklasse Gruppe 1 1516"]
[Site "Germany"]
[Date "2016.01.24"]
[Round "6.6"]
[White "Strauss, Dirk"]
[Black "Balke, Reiner"]
[Result "1/2-1/2"]
[WhiteElo "1918"]
[BlackElo "1793"]
[PlyCount "42"]
[EventDate "2015.09.06"]
[EventType "team-tourn"]
[EventRounds "9"]
[EventCountry "GER"]
[SourceTitle "EXT 2022"]
[Source "ChessBase"]
[SourceDate "2021.10.06"]
[SourceVersion "1"]
[SourceVersionDate "2021.10.06"]
[SourceQuality "1"]
[WhiteTeam "Borbeck Weisse Dame II"]
[BlackTeam "Sodingen/Castrop SK III"]
[WhiteTeamCountry "GER"]
[BlackTeamCountry "GER"]

1. Nf3 Nf6 2. g3 e6 3. Bg2 Be7 4. 0-0 d5 5. c4 0-0 6. b3 c5 7. Bb2 Nc6 8. d3 d4 9. e3 e5 10. exd4 exd4 11. a3 a5 12. Re1 Bd6 13. Ng5 h6 14. Ne4 Nxe4 15. Bxe4 Bd7 16. Nd2 Re8 17. Qc2 Kh8 18. Bd5 f5 19. Nf3 Qf6 20. Rxe8+ Rxe8 21. Re1 Rxe1+ 1/2-1/2

[Event "Ruhrgebiet VK1 0910"]
[Site "Ruhrgebiet"]
[Date "2010.03.21"]
[Round "8.4"]
[White "Strauss, Dirk"]
[Black "Weinert, Christian"]
[Result "1-0"]
[WhiteElo "2053"]
[BlackElo "1989"]
[PlyCount "93"]
[EventDate "2009.09.06"]
[EventType "team"]
[EventRounds "9"]
[EventCountry "GER"]
[SourceTitle "EXT 2011"]
[Source "ChessBase"]
[SourceDate "2010.11.26"]
[SourceVersion "1"]
[SourceVersionDate "2010.11.26"]
[SourceQuality "1"]
[WhiteTeam "Borbeck Weisse Dame II"]
[BlackTeam "Mengede SG"]
[WhiteTeamCountry "GER"]
[BlackTeamCountry "GER"]

1. d4 Nf6 2. Nf3 e6 3. c4 Bb4+ 4. Bd2 Qe7 5. g3 0-0 6. Bg2 Nc6 7. 0-0 Ne4 8. Be3 e5 9. d5 Nb8 10. Qc2 f5 11. a3 Bc5 12. Bxc5 Nxc5 13. b4 Ne4 14. Nc3 Nxc3 15. Qxc3 d6 16. Rfd1 Nd7 17. Rac1 b6 18. Ne1 Ba6 19. Nd3 Nf6 20. a4 Bb7 21. a5 Qf7 22. Ra1 Ne4 23. Qb3 b5 24. cxb5 Bxd5 25. Qb2 Nf6 26. Bxd5 Nxd5 27. Qb3 Nf6 28. Qxf7+ Kxf7 29. Rac1 Rfc8 30. Rc6 Rab8 31. Rdc1 Ne8 32. b6 Rb7 33. b5 axb6 34. a6 Ra7 35. Rxb6 Raa8 36. Rbc6 Rcb8 37. Rb1 Ke7 38. Rb2 Kd7 39. Rcc2 Rb6 40. Rd2 Kc8 41. Rdc2 Rab8 42. Nb4 Rxb5 43. a7 Ra8 44. Nc6 Rb7 45. Ne7+ Kd7 46. Rxb7 Kxe7 47. Ra2 1-0

[Event "Ruhrgebiet VK1 0910"]
[Site "Ruhrgebiet"]
[Date "2009.12.06"]
[Round "4.4"]
[White "Panofen, Ingo"]
[Black "Strauss, Dirk"]
[Result "0-1"]
[WhiteElo "1913"]
[BlackElo "2053"]
[PlyCount "58"]
[EventDate "2009.09.06"]
[EventType "team"]
[EventRounds "9"]
[EventCountry "GER"]
[SourceTitle "EXT 2011"]
[Source "ChessBase"]
[SourceDate "2010.11.26"]
[SourceVersion "1"]
[SourceVersionDate "2010.11.26"]
[SourceQuality "1"]
[WhiteTeam "Castrop Rauxel II"]
[BlackTeam "Borbeck Weisse Dame II"]
[WhiteTeamCountry "GER"]
[BlackTeamCountry "GER"]

1. d4 Nf6 2. c4 g6 3. Nc3 Bg7 4. g3 0-0 5. Bg2 d6 6. e4 Nbd7 7. Nf3 e5 8. 0-0 c6 9. h3 exd4 10. Nxd4 Qb6 11. Nb3 Ne5 12. Be3 Qa6 13. c5 dxc5 14. Bxc5 Re8 15. Re1 Be6 16. Bd4 Rad8 17. Qc1 Nd3 18. Qe3 Nxe1 19. Rxe1 Bxb3 20. axb3 Nd5 21. Nxd5 Bxd4 22. Qxd4 Rxd5 23. Qc3 Rd3 24. Qc2 Rd4 25. Bf1 Qa5 26. Re3 Qd2 27. Qc5 Rdxe4 28. Rf3 Re1 29. Qxa7 Qd1 0-1

[Event "Ruhrgebiet VK1 0910"]
[Site "Ruhrgebiet"]
[Date "2009.10.04"]
[Round "2.4"]
[White "Schaefer, Martin"]
[Black "Strauss, Dirk"]
[Result "0-1"]
[WhiteElo "1876"]
[BlackElo "2053"]
[PlyCount "70"]
[EventDate "2009.09.06"]
[EventType "team"]
[EventRounds "9"]
[EventCountry "GER"]
[SourceTitle "EXT 2011"]
[Source "ChessBase"]
[SourceDate "2010.11.26"]
[SourceVersion "1"]
[SourceVersionDate "2010.11.26"]
[SourceQuality "1"]
[WhiteTeam "Drewer SG"]
[BlackTeam "Borbeck Weisse Dame II"]
[WhiteTeamCountry "GER"]
[BlackTeamCountry "GER"]

1. e4 c5 2. Nf3 e6 3. c4 d6 4. Nc3 a6 5. Be2 Nf6 6. 0-0 Be7 7. d4 cxd4 8. Nxd4 Qc7 9. b3 b5 10. Bb2 b4 11. Na4 Nxe4 12. Nc2 Bb7 13. Nxb4 Nd7 14. Bf3 Ndf6 15. Rc1 Rd8 16. Qe2 Nc5 17. Bxb7 Qxb7 18. Nxc5 Qxb4 19. Nd3 Qb6 20. b4 0-0 21. a4 a5 22. b5 Rc8 23. Nf4 Qb7 24. Rfd1 Qe4 25. Qd2 Rxc4 26. f3 Qxf4 27. Qxf4 Rxf4 28. Rc7 Bd8 29. Rc6 Nd5 30. Bd4 Rxd4 31. Rxd4 Bb6 32. Rxb6 Nxb6 33. Rxd6 Rb8 34. Rd4 Kf8 35. Kf2 Ke7 0-1

[Event "Duisburg Grossenbaum op"]
[Site "Duisburg"]
[Date "2004.05.31"]
[Round "7"]
[White "Zielinski, Werner"]
[Black "Strauss, Dirk"]
[Result "1/2-1/2"]
[WhiteElo "1918"]
[BlackElo "1725"]
[PlyCount "120"]
[EventDate "2004.05.28"]
[EventType "swiss"]
[EventRounds "7"]
[EventCountry "GER"]
[SourceTitle "EXT 2006"]
[Source "ChessBase"]
[SourceDate "2005.11.24"]
[SourceVersion "1"]
[SourceVersionDate "2005.11.24"]
[SourceQuality "1"]

1. d4 Nf6 2. c4 g6 3. Nc3 Bg7 4. e4 d6 5. Nf3 0-0 6. Be2 Na6 7. 0-0 e5 8. Rb1 exd4 9. Nxd4 Nc5 10. f3 c6 11. Be3 a5 12. b3 Qb6 13. Qd2 Nfd7 14. a3 Qc7 15. b4 axb4 16. axb4 Na6 17. Rfd1 Nb6 18. Kh1 Bd7 19. Nc2 Be6 20. b5 Nc5 21. bxc6 bxc6 22. Qxd6 Qxd6 23. Rxd6 Nxc4 24. Bxc4 Bxc3 25. Bxe6 Nxe6 26. Rxc6 Rfc8 27. Rxc8+ Rxc8 28. h3 Be5 29. Nb4 Rb8 30. Bd2 Bd6 31. Bc3 Nf4 32. Rb2 Bxb4 33. Rxb4 Rxb4 34. Bxb4 Ne2 35. g4 f6 36. Bd2 Kf7 37. Kg2 Ke6 38. Kf2 Nd4 39. Bc3 Nb5 40. Bb2 Nd6 41. Ke2 f5 42. Kd3 fxe4+ 43. fxe4 Nf7 44. Ke3 Ng5 45. h4 Nf7 46. Kf4 Nd6 47. Bc3 Nf7 48. Bd4 Nd6 49. Be5 Nf7 50. Bb8 Nd8 51. Bc7 Nf7 52. h5 gxh5 53. gxh5 Nh6 54. Ba5 Nf7 55. Bc3 Nh6 56. Bg7 Nf7 57. e5 Nd8 58. Bh8 Nf7 59. Bf6 Nh6 60. Bg7 Nf7 1/2-1/2

[Event "Duisburg Grossenbaum op"]
[Site "Duisburg"]
[Date "2004.05.30"]
[Round "5"]
[White "Coenen, Siegfried"]
[Black "Strauss, Dirk"]
[Result "0-1"]
[WhiteElo "2030"]
[BlackElo "1725"]
[PlyCount "134"]
[EventDate "2004.05.28"]
[EventType "swiss"]
[EventRounds "7"]
[EventCountry "GER"]
[SourceTitle "EXT 2006"]
[Source "ChessBase"]
[SourceDate "2005.11.24"]
[SourceVersion "1"]
[SourceVersionDate "2005.11.24"]
[SourceQuality "1"]

1. e4 c5 2. Nf3 e6 3. b3 d6 4. d4 cxd4 5. Nxd4 a6 6. Bd3 Nf6 7. Bb2 Nbd7 8. f3 Qc7 9. c4 Be7 10. 0-0 g5 11. Kh1 b6 12. Nc3 Bb7 13. Rc1 Ne5 14. Bb1 h5 15. h3 h4 16. Nde2 Nh5 17. Qd2 Rg8 18. Nd1 Ng6 19. Bd4 Ngf4 20. Ndc3 Nxe2 21. Nxe2 Bf6 22. Be3 Ng3+ 23. Nxg3 hxg3 24. Rfd1 Rd8 25. Qe1 Bb2 26. Rc2 Ba3 27. Qxg3 Bc5 28. Bxc5 Qxc5 29. Rcd2 Ke7 30. Qf2 Qc7 31. Kg1 Bc6 32. Re1 a5 33. Qe3 Bb7 34. e5 Qc5 35. exd6+ Rxd6 36. Rxd6 Qxe3+ 37. Rxe3 Kxd6 38. a3 Ke7 39. Kf2 Rd8 40. Bd3 Kf6 41. Ke2 Bc6 42. Kd2 b5 43. Kc3 bxc4 44. bxc4 Rb8 45. Re2 a4 46. Rb2 Rxb2 47. Kxb2 Ke5 48. Kc3 Kf4 49. Kd4 Kg3 50. Kc5 Be8 51. Kd6 Kxg2 52. Be4 f5 53. Bb7 Kxh3 54. Kxe6 g4 55. Kxf5 g3 56. f4 g2 57. Bxg2+ Kxg2 58. Ke6 Kf3 59. f5 Ke4 60. Ke7 Kxf5 61. Kxe8 Ke6 62. Kd8 Kd6 63. Ke8 Kc5 64. Ke7 Kxc4 65. Ke6 Kb3 66. Kd5 Kxa3 67. Kc4 Kb2 0-1

[Event "Duisburg Grossenbaum op"]
[Site "Duisburg"]
[Date "2004.05.29"]
[Round "3"]
[White "Ishar, Bing"]
[Black "Strauss, Dirk"]
[Result "0-1"]
[WhiteElo "1572"]
[BlackElo "1725"]
[PlyCount "68"]
[EventDate "2004.05.28"]
[EventType "swiss"]
[EventRounds "7"]
[EventCountry "GER"]
[SourceTitle "EXT 2006"]
[Source "ChessBase"]
[SourceDate "2005.11.24"]
[SourceVersion "1"]
[SourceVersionDate "2005.11.24"]
[SourceQuality "1"]

1. d4 Nf6 2. c4 g6 3. Nc3 Bg7 4. e4 d6 5. Be2 0-0 6. Nf3 Na6 7. 0-0 e5 8. Re1 Qe8 9. d5 Nc5 10. Bf1 a5 11. a4 h6 12. h3 Qe7 13. Bd3 c6 14. Bc2 Nfd7 15. Be3 f5 16. exf5 gxf5 17. Qd2 Qf6 18. Bxc5 dxc5 19. Rad1 e4 20. dxc6 bxc6 21. Nh2 Ne5 22. Qe3 Nxc4 23. Bb3 Be6 24. Bxc4 Bxc4 25. Qxc5 Bd3 26. Nf1 Rab8 27. Rd2 Rxb2 28. Rxd3 exd3 29. Qc4+ Kh8 30. Nd1 Rb4 31. Qxd3 Rxa4 32. Qd7 Rd8 33. Qc7 Ra1 34. Re7 Rdxd1 0-1

[Event "Oberliga NRW 0304"]
[Site "Germany"]
[Date "2003.11.09"]
[Round "3.8"]
[White "Weber, Olaf"]
[Black "Strauss, Dirk"]
[Result "1-0"]
[WhiteElo "1839"]
[BlackElo "1754"]
[PlyCount "35"]
[EventDate "2003.09.28"]
[EventType "team-tourn"]
[EventRounds "9"]
[EventCountry "GER"]
[SourceTitle "CBM 098 Extra"]
[Source "ChessBase"]
[SourceDate "2004.03.10"]
[SourceVersion "2"]
[SourceVersionDate "2004.03.10"]
[SourceQuality "1"]
[WhiteTeam "Lohmar"]
[BlackTeam "Essen Borbeck"]
[WhiteTeamCountry "GER"]
[BlackTeamCountry "GER"]

1. d4 d5 2. c4 e6 3. Nc3 c6 4. Nf3 Nf6 5. e3 Be7 6. Bd3 0-0 7. 0-0 dxc4 8. Bxc4 b5 9. Bd3 a6 10. e4 c5 11. dxc5 Bxc5 12. e5 Nfd7 13. Bxh7+ Kh8 14. Be4 Ra7 15. Ng5 g6 16. Nf3 Bb7 17. Qd2 Be7 18. Qh6+ 1-0